| 000 | 00403nam a2200181Ia 4500 | ||
|---|---|---|---|
| 003 | OSt | ||
| 005 | 20241126110329.0 | ||
| 008 | 160523b xxu||||| |||| 00| 0 eng d | ||
| 020 | _a0851104665 | ||
| 040 | _cGBC | ||
| 082 | _a266 LUM | ||
| 100 | _4Lum, Ada | ||
| 245 | _aA hitch-hiker's guide to mission | ||
| 260 |
_aLeicester: _bIVP, _cc1985 |
||
| 300 | _a143p. | ||
| 653 | _aMission | ||
| 942 |
_2ddc _cBK |
||
| 999 |
_c57 _d57 |
||